Global Economic Order in the Post-COVID-19 Era: Challenges, Opportunities and Strategies/ (Record no. 190559)
[ view plain ]
| 000 -LEADER | |
|---|---|
| fixed length control field | 00779nam a22002057a 4500 |
| 005 - DATE AND TIME OF LATEST TRANSACTION | |
| control field | 20220727155610.0 |
| 010 ## - LCCN (DPL NO) | |
| LC control number | ENG-134066 |
| 020 ## - INTERNATIONAL STANDARD BOOK NUMBER | |
| International Standard Book Number | 9788194254737 |
| Terms of availability | 400.00 |
| 035 ## - SYSTEM CONTROL NUMBER | |
| System control number | EN-117598 |
| 037 ## - SOURCE OF ACQUISITION | |
| Source of stock number/acquisition | DBAD/PUB |
| 082 ## - DEWEY DECIMAL CLASSIFICATION NUMBER | |
| Classification number | 337.091724 |
| 245 ## - TITLE STATEMENT | |
| Title | Global Economic Order in the Post-COVID-19 Era: Challenges, Opportunities and Strategies/ |
| Statement of responsibility, etc | Edited by Ravi Kumar Gupta, Sanjay Kumar Mangla and Nisha Jindal |
| 260 ## - PUBLICATION, DISTRIBUTION, ETC. (IMPRINT) | |
| Place of publication, distribution, etc | New Delhi |
| Name of publisher, distributor, etc | Maharaja Agrasen Technical Education Society |
| Date of publication, distribution, etc | 2020 |
| 270 ## - ADDRESS | |
| Address | PSP Area, Maharaja Agrasen Chowk, Sector 22, Rohini |
| City | New Delhi |
| Postal code | 110086 |
| Electronic mail address | mait@mait.ac.in |
| 300 ## - PHYSICAL DESCRIPTION | |
| Extent | 413p. |
| Dimensions | 29cm(pbk) |
| 700 ## - ADDED ENTRY--PERSONAL NAME | |
| Personal name | Gupta, Ravi Kumar |
| 700 ## - ADDED ENTRY--PERSONAL NAME | |
| Personal name | Mangla, Sanjay Kumar |
| 700 ## - ADDED ENTRY--PERSONAL NAME | |
| Personal name | Jindal, Nisha |
| 942 ## - ADDED ENTRY ELEMENTS (KOHA) | |
| Source of classification or shelving scheme | Dewey Decimal Classification |
| Item type | English Books |
| Classification part | 337.091724 |
| Call number suffix | GLO |
| Withdrawn status | Lost status | Not for loan | Collection code | Home library | Current library | Date acquired | Source of acquisition | Cost, normal purchase price | Full call number | Barcode | Copy number | Cost, replacement price | Koha item type |
|---|---|---|---|---|---|---|---|---|---|---|---|---|---|
| Non-fiction | Bawana | Bawana | 27/07/2022 | DBAD/PUB | 400.00 | 337.091724 GLO | EN-117598 | 1 | 400.00 | English Books |
